Handbook of Petrochemicals Production Processes / (Record no. 1912)
[ view plain ]
| 000 -LEADER | |
|---|---|
| fixed length control field | 00770nac a22002051u 4500 |
| 008 - FIXED-LENGTH DATA ELEMENTS--GENERAL INFORMATION | |
| fixed length control field | 090204t2005 xxu||||| |||| 00| 0 eng d |
| 010 ## - LIBRARY OF CONGRESS CONTROL NUMBER | |
| LC control number | 2004061062 |
| 020 ## - INTERNATIONAL STANDARD BOOK NUMBER | |
| International Standard Book Number | 0071410422 (acid-free paper) |
| 020 ## - INTERNATIONAL STANDARD BOOK NUMBER | |
| International Standard Book Number | 9780071410427 |
| 082 00 - DEWEY DECIMAL CLASSIFICATION NUMBER | |
| Classification number | 665.538 |
| Item number | HAN |
| Edition number | 22 |
| 245 00 - TITLE STATEMENT | |
| Title | Handbook of Petrochemicals Production Processes / |
| Statement of responsibility, etc | Robert A. Meyers, editor-in-chief. |
| 260 ## - PUBLICATION, DISTRIBUTION, ETC. (IMPRINT) | |
| Place of publication, distribution, etc | New York : |
| Name of publisher, distributor, etc | McGraw-Hill, |
| Date of publication, distribution, etc | c2005. |
| 300 ## - PHYSICAL DESCRIPTION | |
| Extent | 1 v. (various pagings) : |
| Other physical details | ill., maps ; |
| Dimensions | 24 cm. |
| 440 #0 - | |
| -- | McGraw-Hill handbooks |
| -- | 19975 |
| 504 ## - BIBLIOGRAPHY, ETC. NOTE | |
| Bibliography, etc | Includes bibliographical references and index. |
| 650 #0 - SUBJECT ADDED ENTRY--TOPICAL TERM | |
| Topical term or geographic name as entry element | Petroleum chemicals |
| Form subdivision | Handbooks, manuals, etc. |
| 9 (RLIN) | 31197 |
| 653 ## - INDEX TERM--UNCONTROLLED | |
| Resource For college | |
| Arrived date list | October2012 |
| 700 1# - ADDED ENTRY--PERSONAL NAME | |
| Personal name | Meyers, Robert A. |
| Fuller form of name | (Robert Allen), |
| Dates associated with a name | 1936- |
| 9 (RLIN) | 31198 |
| 942 ## - ADDED ENTRY ELEMENTS (KOHA) | |
| Item type | Reference (NB) |
| Call number prefix | 665.538 |
| Source of classification or shelving scheme | Dewey Decimal Classification |
| Withdrawn status | Item status | Source of classification or shelving scheme | Damaged status | Not for loan | Vendor | Home library | Current library | Shelving location | Date acquired | Source of acquisition | Total Checkouts | Full call number | Barcode | Checked out | Date last seen | Date last borrowed | Cost, replacement price | Koha item type | Cost, normal purchase price | Serial Enumeration / chronology | Total Renewals |
|---|---|---|---|---|---|---|---|---|---|---|---|---|---|---|---|---|---|---|---|---|---|
| Dewey Decimal Classification | Alahram | Central Library | Central Library | Ground Floor | 04/02/2007 | 1 | 665.538 HAN | 000002436 | 01/10/2024 | 07/07/2024 | 07/07/2024 | 781.30 | Reference (NB) | ||||||||
| Dewey Decimal Classification | Alahram | Central Library | Central Library | First floor | 04/02/2009 | 2 | 665.538 HAN | 000014675 | 15/07/2025 | 26/09/2018 | Book - Borrowing | 893.20 | 6477 | 38 | |||||||
| Dewey Decimal Classification | Baccah | Central Library | Central Library | First floor | 18/10/2012 | 7 | 665.538 HAN | 000027725 | 15/07/2025 | 07/12/2021 | Book - Borrowing | 520.00 | 12 | 44 | |||||||
| Dewey Decimal Classification | Baccah | Central Library | Central Library | First floor | 14/11/2013 | 4 | 665.538 HAN | 000035088 | 15/07/2025 | 11/03/2019 | Book - Borrowing | 23 |